[Event "CRO-chT2 U20 West"]
[Site "Kastav"]
[Date "2011.04.26"]
[Round "2.11"]
[White "Rukavina, Vedran"]
[Black "Okrugic, Tomislav"]
[Result "0-1"]
[WhiteElo "1669"]
[BlackElo "1886"]
[PlyCount "112"]
[EventDate "2011.04.26"]
[EventType "team-tourn"]
[EventRounds "5"]
[EventCountry "CRO"]
[SourceTitle "EXT 2014"]
[Source "ChessBase"]
[SourceDate "2013.11.20"]
[SourceVersion "1"]
[SourceVersionDate "2013.11.20"]
[SourceQuality "1"]

1. d4 Nf6 2. c4 g6 3. Nc3 Bg7 4. Nf3 0-0 5. e3 d6 6. Bd3 Nc6 7. 0-0 Nd7 8. Re1 e5 9. d5 Ne7 10. e4 f5 11. Bg5 Nf6 12. Nd2 f4 13. f3 h6 14. Bxf6 Rxf6 15. g4 fxg3 16. hxg3 g5 17. g4 Ng6 18. Ne2 Nf4 19. Nxf4 gxf4 20. Kf2 c6 21. Qe2 Qb6+ 22. Kg2 Bd7 23. b3 Kf7 24. Qf2 Qd8 25. Rh1 Rg6 26. Rag1 Qa5 27. Nb1 a6 28. Qd2 Qd8 29. Kf1 c5 30. Nc3 Rb8 31. a4 Qa5 32. Nb1 Qb6 33. Bc2 Qa7 34. Kf2 b5 35. axb5 axb5 36. Nc3 bxc4 37. bxc4 Rb2 38. Rb1 Rxb1 39. Rxb1 Bf6 40. Nb5 Bxb5 41. Rxb5 Qa2 42. Rb7+ Be7 43. Ke2 Qxc4+ 44. Bd3 Qd4 45. Bb5 Qa1 46. Bd7 h5 47. Be6+ Kf6 48. Kf2 hxg4 49. Bxg4 Rh6 50. Qe1 Qa2+ 51. Kg1 Qh2+ 52. Kf1 Qh1+ 53. Ke2 Rh2+ 54. Kd1 Qg2 55. Qc3 Qe2+ 56. Kc1 Rh1+ 0-1

[Event "Mediterranean op-B 4th"]
[Site "Rijeka"]
[Date "2010.11.18"]
[Round "7"]
[White "Okrugic, Tomislav"]
[Black "Antunovic, Ivo"]
[Result "0-1"]
[WhiteElo "1882"]
[BlackElo "2141"]
[PlyCount "102"]
[EventDate "2010.11.13"]
[EventType "swiss"]
[EventRounds "9"]
[EventCountry "CRO"]
[SourceTitle "EXT 2011"]
[Source "ChessBase"]
[SourceDate "2010.11.26"]
[SourceVersion "1"]
[SourceVersionDate "2010.11.26"]
[SourceQuality "1"]

1. e4 d6 2. d4 Nf6 3. Nc3 g6 4. Nf3 Bg7 5. Be3 0-0 6. Be2 a6 7. 0-0 b5 8. a3 Bb7 9. Bd3 Nbd7 10. Re1 c5 11. dxc5 Nxc5 12. Nd2 Nxd3 13. cxd3 Rc8 14. f4 d5 15. e5 d4 16. exf6 exf6 17. Nde4 dxe3 18. f5 Qd4 19. Qf3 Ba8 20. Kh1 Qxd3 21. Rad1 Qc2 22. Nd5 Bxd5 23. Rxd5 Qxb2 24. Qxe3 Rc2 25. Rg1 Re2 26. Qf4 Qxa3 27. fxg6 hxg6 28. Nxf6+ Bxf6 29. Qxf6 Re6 30. Qd4 Qe3 31. Qh4 Rc8 32. Rgd1 Rce8 33. h3 Kg7 34. Rf1 Qe4 35. Qg5 Rc8 36. Rd7 Rf8 37. Qc5 Rc6 38. Qa7 Qc4 39. Qf2 Kg8 40. Rd4 Qe6 41. Rf4 Qd7 42. Qh4 Rc2 43. Rf6 Qd5 44. Qg3 Rc6 45. R6f5 Qd2 46. Rg5 Qc3 47. Qf4 Qg7 48. h4 Rc4 49. Qg3 Qd4 50. Rh5 Qg4 51. Qxg4 Rxg4 0-1

[Event "CRO-ch U17"]
[Site "Bjelolasica"]
[Date "2008.07.21"]
[Round "3"]
[White "Stocko, Josip"]
[Black "Okrugic, Tomislav"]
[Result "1-0"]
[WhiteElo "2011"]
[BlackElo "1828"]
[PlyCount "67"]
[EventDate "2008.07.20"]
[EventType "swiss"]
[EventRounds "9"]
[EventCountry "CRO"]
[SourceTitle "CBM 125 Extra"]
[Source "ChessBase"]
[SourceDate "2008.09.01"]
[SourceVersion "1"]
[SourceVersionDate "2008.09.01"]
[SourceQuality "1"]

1. e4 c5 2. Nf3 g6 3. g3 Bg7 4. Bg2 Nc6 5. 0-0 d6 6. c3 e6 7. d3 Nge7 8. Na3 0-0 9. Re1 Rb8 10. h4 b5 11. Bd2 a5 12. Qc1 Re8 13. Rb1 b4 14. Nc2 Ba6 15. Bf1 d5 16. e5 Qc7 17. Bf4 a4 18. cxb4 Nxb4 19. Nxb4 Rxb4 20. Bd2 Rb7 21. Bh6 Reb8 22. Bxg7 Kxg7 23. Qg5 Ng8 24. h5 Qe7 25. Qd2 Rb4 26. hxg6 hxg6 27. Rec1 Rd8 28. Qc3 c4 29. Nd4 Qc5 30. Nc6 Qxc6 31. Qxb4 d4 32. Bg2 Qc7 33. Qxa4 Qb6 34. dxc4 1-0